Statistics for [路線図付き] JR東日本 外房線 駅名穴埋めクイズ

Click here to take the quiz!

General Stats

  • This quiz has been taken 240 times
  • The average score is 19 of 27

Answers on the Map

Answers color-coded by a green-red scale on the quiz's map according to % correct below.
 

Answer Stats

Answer% Correct
外房線千葉
99%
外房線蘇我
96%
外房線本千葉
91%
外房線安房鴨川
91%
外房線上総一ノ宮
88%
外房線誉田
88%
外房線大網
87%
外房線茂原
85%
外房線土気
84%
外房線勝浦
81%
外房線行川アイランド
80%
外房線大原
80%
外房線鎌取
79%
外房線新茂原
73%
外房線安房小湊
67%
外房線御宿
66%
外房線本納
65%
外房線安房天津
61%
外房線東浪見
60%
外房線永田
60%
外房線八積
57%
外房線浪花
54%
外房線上総興津
52%
外房線鵜原
51%
外房線太東
51%
外房線長者町
50%
外房線三門
47%

Score Distribution

Percentile by Number Answered

Percent of People with Each Score

Your Score History

You have not taken this quiz